| 000 | 00778nam a22001337a 4500 | ||
|---|---|---|---|
| 040 | _cRUA | ||
| 082 | _aAED CHO 2018 B650 Or.1 | ||
| 100 | _aCHONG SOKLEANG ចុង សុខលាង | ||
| 245 | _athe study on the economic efficiency of cricket farms hour pisey in yutsamaky commune, oudong district, kampong speu province ការសិក្សារអំពីប្រសិទ្ធភាពសេដ្ឋកិច្ចនៃកសិដ្ឋានចិញ្ចឹមចង្រិតរបស់លោក ពិសី នៅឃុំយុទ្ធសាមគ្គី ស្រុកឧដុង្គ ខេត្តកំពង់ស្ពឺ | ||
| 260 |
_aRUA _bPhnom penh _c2018 |
||
| 300 |
_ax;40p _bill; _c29cm |
||
| 856 | _u CHONG SOKLEANG | ||
| 942 | _cAED | ||
| 999 |
_c18363 _d18363 |
||